|
|
|
|
| LEADER |
00000cas a2200000 c 4500 |
| 001 |
517570297 |
| 003 |
DE-627 |
| 005 |
20260207122818.0 |
| 007 |
tu |
| 008 |
060918c19899999gw z| m| 0 |0ger c |
| 016 |
7 |
|
|a 981263275
|2 DE-101
|
| 016 |
7 |
|
|a 2251187-8
|2 DE-600
|
| 035 |
|
|
|a (DE-627)517570297
|
| 035 |
|
|
|a (DE-576)019315406
|
| 035 |
|
|
|a (DE-599)ZDB2251187-8
|
| 035 |
|
|
|a (OCoLC)722425712
|
| 040 |
|
|
|a DE-627
|b ger
|c DE-627
|e rakwb
|
| 041 |
|
|
|a ger
|
| 044 |
|
|
|c XA-DE
|
| 082 |
0 |
4 |
|a 914.3
|a 943
|q DE-600
|
| 245 |
0 |
0 |
|a Aurea Moguntia
|b ein Panorama europäischer Geschichte und Kultur
|
| 246 |
3 |
3 |
|a Avrea mogvntia
|
| 264 |
3 |
1 |
|a Mainz
|b Zabern
|c 1989-
|
| 336 |
|
|
|a Text
|b txt
|2 rdacontent
|
| 337 |
|
|
|a ohne Hilfsmittel zu benutzen
|b n
|2 rdamedia
|
| 338 |
|
|
|a Band
|b nc
|2 rdacarrier
|
| 362 |
0 |
|
|a 1.1989 -
|
| 363 |
0 |
1 |
|a 1
|i 1989
|
| 655 |
|
7 |
|a Monografische Reihe
|0 (DE-588)4179998-7
|0 (DE-627)104628669
|0 (DE-576)209995106
|2 gnd-content
|
| 889 |
|
|
|w (DE-603)01162888X
|
| 936 |
s |
n |
|a n100
|2 mzub
|
| 951 |
|
|
|a ST
|
| ELC |
|
|
|b 1
|
| LOK |
|
|
|0 000 xxxxxcx a22 zn 4500
|
| LOK |
|
|
|0 001 2138694003
|
| LOK |
|
|
|0 003 DE-627
|
| LOK |
|
|
|0 004 517570297
|
| LOK |
|
|
|0 005 19910624000000
|
| LOK |
|
|
|0 008 901017||||||||||||||||ger|||||||
|
| LOK |
|
|
|0 040
|a DE-21
|c DE-627
|d DE-21
|
| LOK |
|
|
|0 852
|a DE-21
|
| LOK |
|
|
|0 852 1
|9 00
|
| LOK |
|
|
|0 939
|a 17-10-90
|b l01
|
| LOK |
|
|
|0 000 xxxxxcx a22 zn 4500
|
| LOK |
|
|
|0 001 2988412111
|
| LOK |
|
|
|0 003 DE-627
|
| LOK |
|
|
|0 004 517570297
|
| LOK |
|
|
|0 005 20171129093653
|
| LOK |
|
|
|0 008 171129||||||||||||||||ger|||||||
|
| LOK |
|
|
|0 040
|a DE-Frei85
|c DE-627
|d DE-Frei85
|
| LOK |
|
|
|0 852
|a DE-Frei85
|
| LOK |
|
|
|0 852 1
|m p
|9 00
|
| LOK |
|
|
|0 938
|k p
|
| LOK |
|
|
|0 939
|a 29-11-17
|b l01
|
| ORI |
|
|
|a SA-MARC-krimdokb001.raw
|
| SPR |
|
|
|a 1
|t KRI
|